Najpopularniejsze Polskie Teleturnieje - Statystyki

Ogólne statystyki
  • Ten quiz został rozwiązany 1 500 razy
  • Średni wynik to 6 z 10
Statystyki odpowiedzi
Hint Odpowiedź % Poprawnych
2 Familiada
89%
5 Milionerzy
86%
9 Koło Fortuny
83%
3 Jeden z Dziesięciu
75%
4 Postaw na Milion
70%
1 Jaka To Melodia
68%
7 Va Banque
34%
6 Awantura o Kasę
28%
10 Wielka Gra
13%
8 Miliard w Rozumie
5%
Nie znaleziono quizów pasujących do podanych kryteriów
Rozkład punktacji
Procent ludzi z każdym wynikiem
Percentyl według liczby udzielonych odpowiedzi
Twoja historia wyników
Nie rozwiązałeś tego quizu